[Event "VI Sunway Sitges Open 2019"]
[Site "Sitges"]
[Date "2019.12.15"]
[Round "3.52"]
[White "Peredo Claros, Luis Gabriel"]
[Black "Dias, Ruwan"]
[Result "1/2-1/2"]
[WhiteElo "1778"]
[BlackElo "1305"]
[Annotator "NA"]
[PlyCount "77"]
[EventDate "2019.12.13"]
[EventType "swiss"]
[EventCountry "ESP"]
[SourceTitle "playchess.com"]
[Source "ChessBase"]
[SourceQuality "1"]
[TimeControl "40/5400+30:1800+30"]

1. e4 {[%emt 0:05:50]} e6 {[%emt 0:00:00]} 2. d4 {[%emt 0:00:14]} d5 {[%emt 0:00:00]} 3. exd5 {[%emt 0:00:19]} exd5 {[%emt 0:00:00]} 4. c3 {[%emt 0:00:14]} Bd6 {[%emt 0:00:00]} 5. Bd3 {[%emt 0:00:31]} Nf6 {[%emt 0:00:41]} 6. Bg5 {[%emt 0:00:26]} O-O {[%emt 0:00:24]} 7. Ne2 {[%emt 0:00:13]} Be6 {[%emt 0:02:37]} 8. h3 {[%emt 0:00:14]} c5 {[%emt 0:09:18]} 9. O-O {[%emt 0:01:33]} c4 {[%emt 0:01:54]} 10. Bc2 {[%emt 0:00:30]} Be7 {[%emt 0:00:30]} 11. Ng3 {[%emt 0:00:30]} h6 {[%emt 0:00:30]} 12. Bxf6 {[%emt 0:00:30]} Bxf6 {[%emt 0:00:30]} 13. f4 {[%emt 0:00:30]} Qc7 {[%emt 0:00:30]} 14. Nh5 {[%emt 0:00:30]} Qe7 {[%emt 0:00:30]} 15. f5 {[%emt 0:00:30]} Bd7 {[%emt 0:00:30]} 16. Re1 {[%emt 0:00:30]} Qd8 {[%emt 0:00:30]} 17. Qf3 {[%emt 0:00:30]} Bc6 {[%emt 0:00:30]} 18. Qg4 {[%emt 0:00:30]} Nd7 {[%emt 0:00:30]} 19. Nd2 {[%emt 0:00:30]} b5 {[%emt 0:00:30]} 20. Nf3 {[%emt 0:00:30]} Qc7 {[%emt 0:00:30]} 21. Re3 {[%emt 0:00:30]} Kh8 {[%emt 0:00:30]} 22. Rae1 {[%emt 0:00:30]} Rg8 {[%emt 0:00:30]} 23. Ne5 {[%emt 0:00:30]} Nxe5 {[%emt 0:00:30]} 24. dxe5 {[%emt 0:00:30]} Bg5 {[%emt 0:00:30]} 25. R3e2 {[%emt 0:00:30]} Rae8 {[%emt 0:00:30]} 26. h4 {[%emt 0:00:30]} Be7 {[%emt 0:00:30]} 27. f6 {[%emt 0:00:30]} Bc5+ {[%emt 0:00:30]} 28. Kh1 {[%emt 0:00:30]} g6 {[%emt 0:44:49]} 29. Ng7 {[%emt 0:08:01]} Rxg7 {[%emt 0:00:30]} 30. fxg7+ {[%emt 0:00:30]} Kxg7 {[%emt 0:01:50]} 31. h5 {[%emt 0:00:23]} Bd7 {[%emt 0:00:30]} 32. e6 {[%emt 0:00:30]} Bxe6 {[%emt 0:00:30]} 33. Rxe6 {[%emt 0:00:30]} Rxe6 {[%emt 0:02:50]} 34. Rxe6 {[%emt 0:01:34]} fxe6 {[%emt 0:00:30]} 35. Qxg6+ {[%emt 0:00:30]} Kf8 {[%emt 0:00:30]} 36. Qxe6 {[%emt 0:00:30]} Qg3 {[%emt 0:00:30]} 37. Qc8+ {[%emt 0:00:30]} Kg7 {[%emt 0:00:30]} 38. Qxc5 {[%emt 0:00:30]} Qh4+ {[%emt 0:00:30]} 39. Kg1 {[%emt 0:00:30]} 1/2-1/2

[Event "VI Sunway Sitges Open 2019"]
[Site "Sitges"]
[Date "2019.12.15"]
[Round "3.53"]
[White "Bonnaffe, Xavier"]
[Black "Minko, Uliana"]
[Result "1/2-1/2"]
[WhiteElo "1556"]
[BlackElo "1311"]
[Annotator "NA"]
[PlyCount "65"]
[EventDate "2019.12.13"]
[EventType "swiss"]
[EventCountry "ESP"]
[SourceTitle "playchess.com"]
[Source "ChessBase"]
[SourceQuality "1"]
[TimeControl "40/5400+30:1800+30"]

1. e4 {[%emt 0:00:00]} e6 {[%emt 0:00:00]} 2. d4 {[%emt 0:00:00]} d5 {[%emt 0:00:00]} 3. exd5 {[%emt 0:00:03]} exd5 {[%emt 0:00:00]} 4. Nf3 {[%emt 0:00:14]} Nf6 {[%emt 0:00:12]} 5. Bd3 {[%emt 0:00:22]} Be7 {[%emt 0:00:25]} 6. O-O {[%emt 0:00:47]} O-O {[%emt 0:02:25]} 7. Bg5 {[%emt 0:02:54]} Ne4 {[%emt 0:00:00]} 8. Bxe7 {[%emt 0:00:49]} Qxe7 {[%emt 0:00:00]} 9. Re1 {[%emt 0:00:36]} Re8 {[%emt 0:00:00]} 10. Nbd2 {[%emt 0:00:46]} f5 {[%emt 0:00:00]} 11. c4 {[%emt 0:06:54]} c6 {[%emt 0:00:48]} 12. Ne5 Be6 13. f3 Nxd2 {[%emt 0:00:26]} 14. Qxd2 {[%emt 0:09:22]} Qf8 {[%emt 0:02:04]} 15. Qc2 {[%emt 0:07:31]} Nd7 16. c5 {[%emt 0:00:00]} Nxe5 {[%emt 0:02:30]} 17. Rxe5 {[%emt 0:01:21]} Bd7 {[%emt 0:00:36]} 18. Rae1 {[%emt 0:05:39]} Rxe5 {[%emt 0:00:17]} 19. Rxe5 {[%emt 0:01:41]} g6 {[%emt 0:00:26]} 20. Qe2 {[%emt 0:03:34]} b5 {[%emt 0:01:04]} 21. Re7 {[%emt 0:00:30]} Re8 {[%emt 0:00:30]} 22. Rxe8 {[%emt 0:00:30]} Bxe8 {[%emt 0:00:30]} 23. f4 {[%emt 0:13:31]} Bd7 {[%emt 0:02:34]} 24. g3 {[%emt 0:00:30]} Qf6 {[%emt 0:00:30]} 25. Qe5 {[%emt 0:00:30]} Qd8 {[%emt 0:00:30]} 26. b4 {[%emt 0:00:30]} a6 {[%emt 0:00:30]} 27. Kf2 {[%emt 0:00:30]} Kf7 {[%emt 0:00:30]} 28. Qe3 {[%emt 0:00:30]} a5 {[%emt 0:00:30]} 29. a3 {[%emt 0:00:30]} axb4 {[%emt 0:00:30]} 30. axb4 {[%emt 0:00:30]} Qa8 {[%emt 0:00:30]} 31. Qd2 {[%emt 0:14:10]} Qa1 {[%emt 0:05:26]} 32. Bf1 {[%emt 0:00:30]} h5 {[%emt 0:00:30]} 33. h4 {[%emt 0:00:30]} 1/2-1/2

[Event "VI Sunway Sitges Open 2019"]
[Site "Sitges"]
[Date "2019.12.15"]
[Round "3.54"]
[White "Naga Laxmi Seelam"]
[Black "Ananya Parikh"]
[Result "1/2-1/2"]
[WhiteElo "1196"]
[BlackElo "1498"]
[Annotator "NA"]
[PlyCount "99"]
[EventDate "2019.12.13"]
[EventType "swiss"]
[EventCountry "ESP"]
[SourceTitle "playchess.com"]
[Source "ChessBase"]
[SourceQuality "1"]
[TimeControl "40/5400+30:1800+30"]

1. e4 {[%emt 3:39:25]} c5 {[%emt 0:00:04]} 2. Nf3 {[%emt 0:00:10]} d6 {[%emt 0:00:14]} 3. d4 {[%emt 0:00:06]} cxd4 {[%emt 0:00:06]} 4. Nxd4 {[%emt 0:00:04]} Nf6 {[%emt 0:00:13]} 5. Nc3 {[%emt 0:00:15]} Nc6 {[%emt 0:00:04]} 6. Be3 {[%emt 0:00:07]} Ng4 {[%emt 0:00:19]} 7. Qd2 {[%emt 0:01:12]} Nxe3 {[%emt 0:00:14]} 8. Qxe3 {[%emt 0:00:26]} e6 {[%emt 0:06:45]} 9. Bb5 {[%emt 0:02:33]} Bd7 {[%emt 0:02:09]} 10. O-O {[%emt 0:04:00]} a6 11. Bd3 {[%emt 0:08:11]} Qb6 12. Nxc6 {[%emt 0:08:31]} Qxe3 13. fxe3 {[%emt 0:07:38]} Bxc6 14. Rf2 {[%emt 0:04:22]} Be7 15. Raf1 {[%emt 0:01:59]} O-O 16. Ne2 {[%emt 0:03:09]} Bh4 17. g3 Bg5 18. Nf4 {[%emt 0:31:03]} e5 19. Ng2 {[%emt 0:03:22]} b5 20. c4 {[%emt 0:12:44]} Ra7 {[%emt 0:06:40]} 21. cxb5 {[%emt 0:01:18]} Bxb5 {[%emt 0:01:46]} 22. Bxb5 {[%emt 0:00:36]} axb5 {[%emt 0:00:02]} 23. b3 {[%emt 0:02:03]} Rfa8 {[%emt 0:03:29]} 24. Rc1 {[%emt 0:01:09]} h6 {[%emt 0:01:52]} 25. Rcc2 {[%emt 0:00:20]} Rd7 {[%emt 0:08:19]} 26. h4 {[%emt 0:00:54]} Bd8 {[%emt 0:01:35]} 27. Rfd2 {[%emt 0:01:11]} Kf8 {[%emt 0:09:23]} 28. Rd5 {[%emt 0:02:33]} Rb8 {[%emt 0:01:58]} 29. Ne1 {[%emt 0:00:59]} Ke7 {[%emt 0:01:54]} 30. Nf3 {[%emt 0:00:42]} Rbb7 {[%emt 0:01:26]} 31. Kf2 {[%emt 0:00:47]} b4 {[%emt 0:03:44]} 32. Ke2 {[%emt 0:01:23]} Rdc7 {[%emt 0:00:42]} 33. Rcd2 {[%emt 0:00:15]} Rd7 {[%emt 0:00:39]} 34. Rc2 {[%emt 0:00:25]} f6 {[%emt 0:00:13]} 35. Rcd2 {[%emt 0:01:41]} Rb6 {[%emt 0:00:59]} 36. g4 {[%emt 0:01:08]} Rc7 {[%emt 0:00:45]} 37. g5 {[%emt 0:00:52]} Rc1 {[%emt 0:00:43]} 38. gxf6+ {[%emt 0:01:17]} gxf6 {[%emt 0:00:03]} 39. Rd1 {[%emt 0:01:15]} Rxd1 {[%emt 0:00:36]} 40. Kxd1 {[%emt 0:00:25]} Ra6 {[%emt 0:00:56]} 41. Rb5 {[%emt 0:00:35]} Rxa2 {[%emt 0:13:19]} 42. Rxb4 {[%emt 0:00:16]} Rf2 {[%emt 0:00:25]} 43. Ne1 {[%emt 0:00:29]} Rh2 {[%emt 0:01:27]} 44. Nf3 {[%emt 0:00:34]} Rf2 {[%emt 0:00:30]} 45. Ne1 {[%emt 0:00:10]} Rf1 {[%emt 0:06:20]} 46. Rb7+ {[%emt 0:00:20]} Ke6 {[%emt 0:00:31]} 47. Ke2 {[%emt 0:01:07]} Rh1 {[%emt 0:00:02]} 48. Nf3 {[%emt 0:00:02]} f5 {[%emt 0:00:04]} 49. exf5+ Kxf5 50. Rd7 {[%emt 0:00:02]} 1/2-1/2

[Event "VI Sunway Sitges Open 2019"]
[Site "Sitges"]
[Date "2019.12.16"]
[Round "4.1"]
[White "Korobov, Anton"]
[Black "Shevchenko, Kirill"]
[Result "1-0"]
[WhiteElo "2668"]
[BlackElo "2547"]
[Annotator "TA"]
[PlyCount "111"]
[EventDate "2019.12.13"]
[EventType "swiss"]
[EventCountry "ESP"]
[SourceTitle "playchess.com"]
[Source "ChessBase"]
[SourceQuality "1"]

{[%evp 19,111,17,13,-5,-2,-14,-8,-8,0,-8,0,0,0,0,0,0,0,-9,0,0,0,0,9,11,7,9,46,45,64,50,39,24,31,17,27,20,87,83,95,83,96,95,91,106,112,100,111,112,128,137,129,132,128,109,123,91,126,120,146,119,174,173,241,241,371,371,351,343,371,371,352,284,441,303,298,292,325,0,222,218,233,220,466,465,408,391,5704,5093,4610,1321,29989,29984,29984,29985]} 1. d4 Nf6 2. c4 g6 3. g3 Bg7 4. Bg2 O-O 5. Nc3 Nc6 6. Nf3 d5 7. cxd5 Nxd5 8. O-O Nb6 9. e3 Re8 10. h3 e5 11. d5 {D76: Fianchetto Grünfeld: Main Line with 7...Nb6} Na5 12. Nd2 (12. e4 c6 13. Bg5 f6 14. Be3 Nac4 15. Bxb6 Nxb6 16. Qb3 cxd5 17. exd5 Bd7 18. Rfd1 Rc8 {1-0 (40) Corrales Jimenez,F (2559)-Salem,A (2672) chess.com INT 2019}) 12... c6 13. dxc6 $146 {The position is equal.} ({Predecessor:} 13. e4 cxd5 14. Nxd5 Be6 15. Nb3 Nac4 16. Nc5 Bxd5 17. exd5 Rc8 18. Ne4 f5 {½-½ (49) Avotins,M (2466)-Kloster,J (2438) ICCF email 2015}) 13... Nxc6 14. a4 a5 15. Nde4 Qe7 16. Nd6 Rd8 17. Nxc8 Raxc8 18. Qe2 Nb4 19. Qb5 Nc4 20. Qxb7 Qxb7 21. Bxb7 Rb8 22. Bg2 f5 23. e4 Nd2 24. Bxd2 Rxd2 25. Rad1 Rxb2 26. exf5 gxf5 27. Rd7 Rc2 (27... Rf8 $11) 28. Nd5 $36 {[%mdl 2048] Black is under strong pressure.} Nxd5 29. Rxd5 f4 30. Rxa5 fxg3 31. fxg3 Bf8 32. Be4 Rc3 33. Rb5 Bc5+ 34. Kg2 Rxb5 35. axb5 {[%mdl 4096] Endgame KRB-KRB} Kg7 36. h4 Rb3 37. Bc6 Bb6 38. Rf5 Bd4 39. Kh3 h6 (39... Rb4 $16 {was necessary.} 40. Kg4 Bb6+ 41. Kf3 Bc7) 40. Kg4 $18 Rb4 {[#]} (40... Kg6 {keeps fighting.}) 41. Kh5 $1 Rc4 (41... Rb2 $142 42. Kg4 Ra2) 42. Bd5 Rc7 43. g4 Rd7 44. Be4 Rd8 45. Rf1 Rb8 (45... Be3 $142 46. Rf3 Bd4) 46. Rb1 Bf2 47. Rb3 Bd4 48. Rb1 Bf2 $1 49. Rb2 Bd4 50. Rc2 {Black must now prevent Rc7+.} Rxb5 $2 (50... Be3 51. Rc3 Bf4) 51. Rc7+ Kf8 52. Kxh6 {[#] And now g5 would win.} Bf2 $2 (52... Bb6) 53. g5 {White threatens g6 and mate.} Rb6+ 54. g6 {Intending Bc6 and mate.} Bxh4 55. Kh7 Bf6 56. Bc6 {Accuracy: White = 83%, Black = 31%.} 1-0

[Event "VI Sunway Sitges Open 2019"]
[Site "Sitges"]
[Date "2019.12.16"]
[Round "4.2"]
[White "Li, Di"]
[Black "Lagarde, Maxime"]
[Result "1-0"]
[WhiteElo "2543"]
[BlackElo "2655"]
[Annotator "TA"]
[PlyCount "65"]
[EventDate "2019.12.13"]
[EventType "swiss"]
[EventCountry "ESP"]
[SourceTitle "playchess.com"]
[Source "ChessBase"]
[SourceQuality "1"]

{[%evp 11,65,15,27,10,13,19,31,11,22,11,10,11,27,0,12,6,14,8,18,0,15,20,7,11,12,14,13,18,15,18,14,12,16,15,15,14,24,12,74,72,135,126,134,136,130,120,167,187,612,586,653,651,662,561,691,675]} 1. Nf3 Nf6 2. c4 e6 3. g3 d5 4. d4 dxc4 5. Bg2 a6 6. O-O Nc6 7. Nbd2 {E04: Open Catalan: 5 Nf3} (7. e3 Rb8 8. Nfd2 e5 9. Bxc6+ bxc6 10. dxe5 Ng4 11. Nxc4 Be6 12. Qe2 h5 13. Rd1 Qc8 14. Qf3 Rb6 15. Nxb6 cxb6 16. h4 Nxe5 {½-½ (41) Grischuk,A (2759)-Ding,L (2811) Khanty-Mansiysk 2019}) 7... Nxd4 8. Nxc4 Nc6 $146 ({Predecessor:} 8... Nxf3+ 9. Bxf3 Qxd1 10. Rxd1 Be7 11. Na5 Nd5 12. e4 Nf6 13. Bf4 b6 14. e5 Nd5 15. Rxd5 bxa5 16. Rxa5 {1-0 (32) Bai,J (2572)-Stremavicius,T (2456) chess.com INT 2019}) 9. Qxd8+ {White is slightly better.} Nxd8 10. Nfe5 Nd5 11. Rd1 Be7 12. Bd2 (12. e4 $5 {[%cal Re4d5]} Nb4 13. a3 $14) 12... f5 13. Rac1 Bf6 {[#] White must now prevent ...b5.} 14. Nd3 Nc6 15. Kf1 O-O 16. Ne3 Nde7 17. Bc3 Rd8 18. f4 a5 19. a3 a4 20. h3 Kf8 21. Kf2 Bxc3 22. Rxc3 Ra5 23. Rdc1 Nd5 24. Rc4 Nxe3 (24... Rd6 $11 {remains equal.}) 25. Kxe3 $16 e5 ({Better is} 25... Rd6) 26. Bxc6 exf4+ 27. gxf4 bxc6 28. Rxc6 Ba6 {[#]} 29. Ne5 $1 ({Much less strong is} 29. Rxc7 $6 Bxd3 30. exd3 Rad5 $16) 29... g5 $2 (29... Rc8 30. h4 (30. Rxc7 Rxc7 31. Rxc7 Rb5 $16) 30... Bb7) 30. Rf6+ $18 {[%mdl 64] Double Attack. White is clearly winning.} Ke7 31. Rxf5 gxf4+ 32. Kxf4 Ke6 33. e4 {Accuracy: White = 80%, Black = 44%.} 1-0

[Event "VI Sunway Sitges Open 2019"]
[Site "Sitges"]
[Date "2019.12.16"]
[Round "4.3"]
[White "Donchenko, Alexander"]
[Black "Narayanan, Srinath"]
[Result "1/2-1/2"]
[WhiteElo "2644"]
[BlackElo "2529"]
[Annotator "TA"]
[PlyCount "106"]
[EventDate "2019.12.13"]
[EventType "swiss"]
[EventCountry "ESP"]
[SourceTitle "playchess.com"]
[Source "ChessBase"]
[SourceQuality "1"]

{[%evp 10,106,2,0,16,6,0,0,0,-7,0,0,0,0,-4,0,0,0,3,0,0,0,0,0,14,16,35,24,44,0,0,0,16,0,0,0,0,1,7,0,0,0,0,0,0,-5,-19,-12,-4,-5,0,-7,0,-14,0,0,0,0,0,0,0,0,0,0,0,0,0,0,0,0,6,7,21,14,69,63,70,0,0,-14,-12,-20,0,0,-5,-4,0,0,0,0,0,0,0,-6,0,0,0,0,0]} 1. d4 Nf6 2. c4 e6 3. g3 d5 4. Bg2 dxc4 5. Qa4+ Nbd7 6. Qxc4 c5 {E03: Open Catalan: 5 Qa4+ Nbd7 6 Qxc4} 7. Nf3 a6 8. Qb3 $146 ({Predecessor:} 8. Qc2 b5 9. Ne5 Nd5 10. Nxd7 Bxd7 11. dxc5 Rc8 12. O-O Bxc5 13. Qd1 O-O 14. Nd2 Bc6 15. Nb3 Bb6 16. Bd2 a5 {0-1 (36) Deac,B (2594)-Adams,M (2712) Douglas 2018}) 8... cxd4 9. Nxd4 Nc5 10. Qe3 Nd5 11. Qd2 b5 12. Nc3 Bb7 13. Nxd5 Bxd5 14. Nc6 Qd6 ({Much less strong is} 14... Bxg2 15. Nxd8 Rxd8 16. Qa5 $15) 15. Bxd5 exd5 16. Nd4 Ne4 17. Qd3 Qb4+ 18. Kf1 Qc4 19. Be3 (19. Kg2 {with more complications.} Bc5 20. Be3 Bxd4 21. Bxd4 O-O 22. Be3) 19... Qxd3 $1 20. exd3 Nc5 21. Ke2 Ne6 22. a4 b4 23. f4 Kd7 24. Nf3 f6 25. Rac1 g6 26. Nd4 Nc5 27. b3 Bd6 28. Rb1 Rhe8 29. Kd2 Re7 30. Rhe1 Rae8 31. Nf3 Nb7 (31... Rc8 {keeps more tension.} 32. Nd4 h5 33. f5 g5 34. Nc2 a5) 32. Bd4 Rxe1 33. Nxe1 Re6 34. Nc2 Na5 35. Ne3 Nc6 36. f5 gxf5 37. Nxf5 Be5 38. Ba1 Na5 {[#] ...Bxa1 is the strong threat.} 39. d4 Bc7 40. Ne3 Kc6 41. Kd3 Kd6 (41... f5 $11) 42. Nc2 Nc6 43. Bb2 ({White should play} 43. Rf1 $1 $14) 43... Re4 $11 {The position is equal.} 44. Bc1 Ke6 45. Be3 f5 46. Ne1 f4 47. Bf2 fxg3 48. hxg3 Rg4 49. Rc1 Kd7 50. Nf3 h5 51. Rg1 Ne7 52. Rh1 Bxg3 53. Rxh5 Rg7 {Accuracy: White = 73%, Black = 58%.} 1/2-1/2

[Event "VI Sunway Sitges Open 2019"]
[Site "Sitges"]
[Date "2019.12.16"]
[Round "4.4"]
[White "Stefansson, Hannes"]
[Black "Sethuraman, S.P."]
[Result "0-1"]
[WhiteElo "2538"]
[BlackElo "2638"]
[Annotator "TA"]
[PlyCount "106"]
[EventDate "2019.12.13"]
[EventType "swiss"]
[EventCountry "ESP"]
[SourceTitle "playchess.com"]
[Source "ChessBase"]
[SourceQuality "1"]

{[%evp 13,106,15,27,21,47,46,87,62,87,39,51,48,42,42,35,50,55,54,51,59,59,50,66,44,43,50,41,7,11,0,85,83,76,83,80,68,66,81,77,39,203,196,181,175,176,107,102,64,70,29,41,0,0,0,7,0,-4,-7,-13,-34,-9,-18,-18,-83,-106,-153,-167,-360,-361,-414,-408,-593,0,-512,-510,-498,-239,-489,-473,-460,-460,-646,-609,-757,-720,-720,-650,-632,-614,-636,-512,-836,-763,-798,-705]} 1. d4 f5 2. g3 Nf6 3. Bg2 g6 4. Nf3 Bg7 5. O-O O-O 6. b4 d6 7. Bb2 c6 8. c4 {A81: Dutch Defence: 2 g3} Na6 (8... Kh8 9. Nbd2 Be6 10. Qc2 Nbd7 11. Rfe1 Bg8 12. a4 a6 13. a5 d5 14. Ne5 Ne4 15. cxd5 cxd5 {1-0 (35) Aleksandrov,A (2574)-Lu,S (2627) Doha 2016}) 9. Qb3 Kh8 10. Nc3 {White is better.} Nc7 11. Rad1 a5 $146 ({Predecessor:} 11... Be6 12. d5 cxd5 13. cxd5 Bg8 14. e4 fxe4 15. Ng5 e3 {½-½ (15) Nogueiras Santiago,J (2520)-Garcia Ilundain,D (2495) Santa Clara 1998}) 12. a3 axb4 13. axb4 Be6 14. d5 cxd5 15. cxd5 Bg8 16. Nd4 Qe8 17. e3 Qf7 {[%cal Rc7d5]} 18. Ndb5 Nxb5 19. Nxb5 Rfc8 20. Nd4 Nxd5 21. Nxf5 gxf5 (21... Qxf5 $11 22. Bxd5 Bxd5 23. Rxd5 Qc2 24. Qxc2 Rxc2 25. Bxg7+ Kxg7) 22. Bxd5 $16 e6 23. Bxg7+ Kxg7 24. Qb2+ Kg6 25. Bf3 d5 26. Rd4 {And now Rh4 would win.} Rc4 $2 (26... Qf6 $14) 27. Rxc4 $18 dxc4 28. Qe5 Rc8 {[#]} 29. Rc1 (29. e4 $1 $18 {[%cal Re4f5]} Qf6 30. Qd6) 29... Qc7 30. Qb5 (30. Qd4 {is more complex.} b5 31. e4 f4 32. e5 Rf8 33. Rc3) 30... b6 31. Rc3 (31. e4 $5 {[%cal Rc1d1]}) 31... Kf6 32. Qa6 e5 33. e4 f4 34. gxf4 exf4 35. Bg4 Re8 36. Bf5 ({Don't go for} 36. Qb5 $2 Re5 $19) 36... Rd8 37. Kg2 Bf7 38. Rh3 {[#]} (38. Rc1 $11 {keeps the balance.}) 38... h5 $1 $17 39. Qa1+ Qe5 40. Qa7 $2 (40. Qc1) 40... Rg8+ $19 41. Kf3 Qd4 42. Qc7 (42. Qd7 {was the only defense.} Qxd7 43. Bxd7) 42... Qd1+ 43. Kxf4 {[%csl Gf4][%cal Rc7e5] [#]} Rg4+ $1 {[%mdl 512]} 44. Bxg4 Qxg4+ {[%mdl 64] Double Attack} 45. Ke3 Qxh3+ {[%mdl 4096] Endgame. Black is clearly winning.} 46. f3 Qe6 47. h4 (47. Kd2 $142) 47... Kg7 48. b5 Qf6 49. Qg3+ Qg6 50. Qe5+ Kh7 51. Qc7 Qf6 52. e5 (52. Ke2 $142) 52... Qe6 53. f4 Kg6 {Accuracy: White = 40%, Black = 71%.} 0-1

[Event "VI Sunway Sitges Open 2019"]
[Site "Sitges"]
[Date "2019.12.16"]
[Round "4.5"]
[White "Tabatabaei, M.amin"]
[Black "Aroshidze, Levan"]
[Result "1/2-1/2"]
[WhiteElo "2635"]
[BlackElo "2514"]
[Annotator "TA"]
[PlyCount "105"]
[EventDate "2019.12.13"]
[EventType "swiss"]
[EventCountry "ESP"]
[SourceTitle "playchess.com"]
[Source "ChessBase"]
[SourceQuality "1"]

{[%evp 24,105,52,58,50,53,43,45,60,55,62,74,68,68,66,51,77,75,73,58,81,42,107,110,202,202,110,29,32,30,30,25,20,25,20,23,27,12,9,0,0,0,0,0,0,0,6,0,0,-19,-19,-55,-55,-55,-55,-67,-64,-74,-76,-75,-47,-47,-47,-47,-47,-56,-45,-45,-46,-51,-43,-48,-40,-47,-29,-29,-21,-22,-21,-21,0,0,12850,29989]} 1. e4 c5 2. Nf3 e6 3. d4 cxd4 4. Nxd4 Nc6 5. Nc3 Qc7 6. g3 a6 7. Bg2 Nf6 8. O-O Nxd4 9. Qxd4 Bc5 10. Bf4 d6 11. Qd2 h6 12. Rad1 e5 13. Be3 Be6 {B47: Sicilian: Taimanov: 5 Nc3 Qc7 6 f4, 6 g3 and 6 Be2} 14. Bxc5 dxc5 15. a4 (15. Nd5 Bxd5 16. exd5 O-O 17. d6 Qb6 18. c4 Rad8 19. Rfe1 Rfe8 20. Bh3 Nh7 21. f4 {1-0 (60) Vidit,S (2715)-Van Foreest,J (2629) Riadh 2017}) 15... Rd8 $146 {White is slightly better.} ({Predecessor:} 15... O-O 16. Qd6 Qxd6 17. Rxd6 Rfd8 18. Rfd1 Rxd6 19. Rxd6 Kf8 20. f4 Rc8 21. fxe5 {½-½ (57) Asadli,V (1980)-Lopez Mulet,I (2429) Batumi 2014}) 16. Nd5 Bxd5 17. exd5 Qd6 18. Rfe1 {Threatens to win with Rxe5+!} O-O 19. a5 Rfe8 20. Re3 c4 21. Qe2 Rc8 22. Rc3 Qb4 (22... Rc5 $14) 23. d6 $1 $16 {[%cal Rd6d7] d7 is the strong threat.} Qxb2 {[#]} (23... Rc5 $16) 24. Rf3 $1 $18 {[%cal Rf3f6]} ({Less strong is} 24. Rxc4 Qb5 $14) 24... Rcd8 {[#]} 25. Qxc4 (25. Rxf6 $1 $16 gxf6 26. Bd5) 25... Rc8 $11 26. Qa4 {Black must now prevent d7.} Qxc2 27. Ra3 {aiming for d7.} Qxa4 $1 28. Rxa4 {Hoping for d7.} Rb8 $1 29. Rb4 e4 $1 30. d7 Red8 31. Bh3 Kf8 32. f3 Ke7 33. Kf2 exf3 34. Kxf3 Nh7 35. Ke3 Nf8 36. Rdb1 Ne6 37. Bf1 Rxd7 38. Bxa6 Ra8 39. Bxb7 Rxa5 40. Bc6 Rc7 41. Rb7 Ra2 42. Rxc7+ Nxc7 $15 {[%mdl 4096] Endgame KRB-KRN} 43. h4 Ra3+ 44. Kf2 $1 Rc3 45. Bf3 Ne6 46. Rb7+ Kf6 47. Bd5 Rc5 48. Bb3 g5 49. hxg5+ hxg5 50. Kg2 Re5 51. Bxe6 fxe6 52. Kf3 Re4 $2 {[%mdl 8192]} (52... Ra5 $11) 53. Kxe4 {[%mdl 32768] Accuracy: White = 56%, Black = 55%. . An unexpected result.} 1/2-1/2

[Event "VI Sunway Sitges Open 2019"]
[Site "Sitges"]
[Date "2019.12.16"]
[Round "4.6"]
[White "Kelires, Andreas"]
[Black "Vocaturo, Daniele"]
[Result "1/2-1/2"]
[WhiteElo "2510"]
[BlackElo "2627"]
[Annotator "TA"]
[PlyCount "60"]
[EventDate "2019.12.13"]
[EventType "swiss"]
[EventCountry "ESP"]
[SourceTitle "playchess.com"]
[Source "ChessBase"]
[SourceQuality "1"]

{[%evp 18,60,12,20,20,0,0,4,0,0,10,0,-8,-6,-12,-14,0,-1,0,-20,-22,-84,-73,-81,0,0,7,0,0,0,0,0,0,0,56,5,28,29,52,25,23,20,45,27,33]} 1. d4 Nf6 2. c4 e6 3. g3 c5 4. d5 exd5 5. cxd5 d6 6. Nc3 g6 7. Bg2 Bg7 8. Nf3 O-O 9. O-O Re8 10. Bf4 Bf5 {A62: Modern Benoni: Fianchetto Variation without early ...Nbd7} 11. Bg5 h6 12. Bxf6 Bxf6 {The position is equal.} 13. Nd2 Bc8 14. Nc4 Bxc3 15. bxc3 b5 16. Nd2 Nd7 {[#]} 17. e4 $146 ({Predecessor:} 17. Re1 a5 18. Qc2 {½-½ (29) Tomashevsky,E (2702)-Svidler,P (2763) Palma de Mallorca 2017}) 17... Rb8 18. f4 c4 19. Kh1 (19. Rb1 $11 {remains equal.}) 19... Nc5 $17 20. f5 Nd3 (20... gxf5 $17 21. exf5 Re3) 21. a4 {Threatens to win with axb5.} a6 $1 22. axb5 axb5 23. fxg6 fxg6 24. Qf3 {[#] Hoping for Qf7+.} Ne5 25. Qe3 $36 {[%mdl 2048] White has some pressure.} Rb7 (25... Qg5 $11 26. Qxg5 hxg5) 26. Ra8 ({Don't play} 26. Qxh6 Rh7 $15) (26. Nf3 $14 Ng4 27. Qd4) 26... Kg7 27. Nf3 Nxf3 28. Rxf3 {Strongly threatening Bh3.} Qe7 29. Qd4+ Kh7 30. Rf1 Bh3 {Accuracy: White = 49%, Black = 63%.} 1/2-1/2